000 00320nam a2200145Ia 4500
008 191201s2012 xx 000 0 und d
082 _a526.9
_bDUS
100 _aDUGGAL, S.K
245 0 _aSurveying Vol-1
250 _aRep
260 _aN. Delhi
_bTMH
_c2012
300 _a612
650 _aB.Tech(CE)
942 _2ddc
_cBK
999 _c5303
_d5303